Words that End in "-unky" - Statistics

General Stats
  • This quiz has been taken 295 times
  • The average score is 7 of 10
Answer Stats
Answer % Correct
Funky
90%
Punky
78%
Hunky
74%
Chunky
73%
Clunky
73%
Junky
73%
Gunky
63%
Flunky
54%
Spunky
45%
Skunky
31%
No matching quizzes found
Score Distribution
Percent of People with Each Score
Percentile by Number Answered
Your Score History
You have not taken this quiz